• 首页
  • 本馆介绍
  • 公告通知
  • 最新文献
  • 馆藏检索
  • 电子资源
  • 读者导购
  • 参考咨询
  • 我的图书馆
  • 登录
  • 详细信息显示
  • 放入我的书架
  • 预约/预借图书
  • 作者相关作品
  • 分类相关作品
  • 丛书相关作品
  • 出版社相关作品

书目信息

  • 表格格式
  • 工作单格式
  • 卡片格式
题名:
大学物理学
    
 
作者: 张三慧 编著
分册:   力学、热学
出版信息: 北京   清华大学出版社  2018.12
页数: 13, 412页
开本: 26cm
丛书名:
单 册:
中图分类: O4 , O3 , O551
科图分类:
主题词: 物理学--wu li xue--高等教育--教材 , 力学--li xue--高等教育--教材 , 热学--re xue--高等教育--教材
电子资源:
ISBN: 978-7-302-50980-6
000 01154nam0 2200313 450
001 2030194916
005 20201201084106.48
010    @a978-7-302-50980-6@dCNY55.00
100    @a20190226e20192018em y0chiy50 ea
101 0  @achi
102    @aCN@b110000
105    @aa z 001yy
106    @ar
200 1  @a大学物理学@9da xue wu li xue@i力学、热学@f张三慧编著
205    @a4版
210    @a北京@c清华大学出版社@d2018.12@h2019.07
215    @a13, 412页@c图@d26cm
300    @a“十二五”普通高等教育本科国家级规划教材2009年度普通高等教育精品教材
330    @a本书讲述物理学基础理论的力学和热学部分。其中力学部分包括质点力学、刚体的转动、振动和波,以及狭义相对论;热学部分包括温度和气体动理论,热力学第一和第二定律。书中特别着重于守恒定律的讲解,也特别注意从微观上阐明物理现象及规律的本质。
517 1  @a力学、热学@9li xue、re xue
606 0  @a物理学@9wu li xue@x高等教育@j教材
606 0  @a力学@9li xue@x高等教育@j教材
606 0  @a热学@9re xue@x高等教育@j教材
690    @aO4@v5
690    @aO3@v5
690    @aO551@v5
701  0 @a张三慧@9zhang san hui@4编著
801  0 @aCN@bBJSZM@c20201201
905    @b1246816-9@dO4@e1231=4@f4
    
    大学物理学.力学、热学/张三慧编著.-4版.-北京:清华大学出版社,2018.12(2019.07)
    13, 412页:图;26cm
    “十二五”普通高等教育本科国家级规划教材2009年度普通高等教育精品教材
    
    ISBN 978-7-302-50980-6:CNY55.00
    本书讲述物理学基础理论的力学和热学部分。其中力学部分包括质点力学、刚体的转动、振动和波,以及狭义相对论;热学部分包括温度和气体动理论,热力学第一和第二定律。书中特别着重于守恒定律的讲解,也特别注意从微观上阐明物理现象及规律的本质。
●
相关链接 在E读中查询图书 在五车中查询图书 在当当中查询图书 在豆瓣中查询图书


正题名:大学物理学     索取号:O4/1231=4         预约/预借

序号 登录号 条形码 馆藏地/架位号 状态 备注
1 1246816   212468168   第二样本阅览室/ [索取号:O4/1231=4] 在馆    
2 1246817   212468177   第三借阅区/ [索取号:O4/1231=4] 在馆    
3 1246818   212468186   第三借阅区/ [索取号:O4/1231=4] 在馆    
4 1246819   212468195   第三借阅区/ [索取号:O4/1231=4] 在馆    
唐山师范学院图书馆 欢迎您!
大连网信软件有限公司© 版权所有